000
00241nam a2200097Ia 4500
008
120527s9999 xx 000 0 und d
100
_a
Zutter,J.et al.
245
_a
Cantonal of museum of fine arts Lausanne.
260
_b
S.I.A.R
942
_c
BK
999
_c
23245
_d
23245